000 01575nam0a2200385 4500
001 RU\NLR\bibl\441746
005 20260407081823.0
021 _aRU
_b2003-48628
_92340
035 _a(NLR Aleph) 000435473
090 _a780994
_c780994
100 _a20031002d2003 |||y0rusy50 ca
101 0 _arus
102 _aRU
105 _aa |||||||||
200 1 _aАфины
_eПутеводитель "Афиши". Коллекция Nescafé
_fТекст Александра Баунова и др.
205 _a[2-е изд.]
210 _aМ.
_cАфиша Индастриз
_d2003
215 _a240 с.
_cцв. ил.
_d19
225 1 _aАфиша
_fРед. Алексей Асланянц
225 1 _aКоллекция Nescafé
225 1 _aГорода мира
311 _aПрил. к журн. "Афиша на две недели", N 41, июнь 2003 г.
333 _a18+
422 0 _12001#$aАфиша на две недели
_tАфиша на две недели
607 _aАфины, город (Греция)
_jПутеводители
_92249604
_3RU\NLR\auth\661349435
686 _aД890(47Гр-2А)я23
702 1 _aБаунов
_bА. Г.
_f1969-
_gАлександр Германович
_4220
712 0 2 _4570
_a"Афиша на две недели", журнал
_cМосква
_3RU\NLR\AUTH\8810042407
_9584250
801 0 _aRU
_bNLR
_c20031002
_gPSBO
801 1 _aRU
_bNLR
_c20031002
942 _cBOOK
980 _aNB
980 _aIA
996 _aиноагент
_bp
_cБаунов Александр Германович